KILL LIST (Record no. 28969)
[ view plain ]
| 000 -LEADER | |
|---|---|
| fixed length control field | 00286nam a2200121Ia 4500 |
| 008 - FIXED-LENGTH DATA ELEMENTS--GENERAL INFORMATION | |
| fixed length control field | 240624s9999 xx 000 0 und d |
| 041 ## - LANGUAGE CODE | |
| Language code of text/sound track or separate title | eng |
| 082 ## - DEWEY DECIMAL CLASSIFICATION NUMBER | |
| Classification number | 823 FOR |
| 100 ## - MAIN ENTRY--PERSONAL NAME | |
| Personal name | FORSYTH FREDERICK |
| 245 ## - TITLE STATEMENT | |
| Title | KILL LIST |
| 260 ## - PUBLICATION, DISTRIBUTION, ETC. | |
| Date of publication, distribution, etc. | 2013 |
| Place of publication, distribution, etc. | London |
| Name of publisher, distributor, etc. | Corgi Books |
| 300 ## - PHYSICAL DESCRIPTION | |
| Extent | 348 p.; 17 cm. |
| Withdrawn status | Lost status | Damaged status | Not for loan | Home library | Current library | Shelving location | Date acquired | Total Checkouts | Full call number | Barcode | Date last seen | Date last checked out | Price effective from | Koha item type |
|---|---|---|---|---|---|---|---|---|---|---|---|---|---|---|
| IMTN | IMTN | Rack 40-B | 08/12/2017 | 2 | 823 FOR | 28969 | 10/17/2025 | 10/05/2025 | 06/24/2024 | Books |